| 000 | 01028nam a2200229Ia 4500 | ||
|---|---|---|---|
| 003 | OSt | ||
| 005 | 20200924121328.0 | ||
| 008 | 191128s1960 ck ao gr 000 0 spa d | ||
| 040 |
_aCO-JMCR _cCO-JMCR |
||
| 041 | 0 | _aspa | |
| 082 | 0 | 4 |
_a571.0986 / _bD946r _223 |
| 100 | 1 |
_aDuque Gómez, Luis, _d1916-2000, _eautor _910803 |
|
| 245 | 1 | 0 |
_aReseña arqueológica de San Agustín / _cLuis Duque Gómez |
| 260 |
_aBogotá : _bLibrería voluntad, _c1960. |
||
| 300 |
_a119 páginas : _b fotografías en blanco y negro (1 plegado) ; _c19 cm. |
||
| 500 | _aIncluye referencias bibliográficas. | ||
| 505 | 0 | _aAmbiente e historia -- El pueblo escultor -- Religión mitología -- Relaciones entre la cultura de San Agustín y la de otros países de América -- La edad de la cultura de San Agustín | |
| 650 | 2 | 4 |
_aArqueología _zSan Agustín (Huila, Colombia) _910804 |
| 650 | 2 | 4 |
_aAntigüedades _zSan Agustín (Huila, Colombia) _910805 |
| 650 | 2 | 4 |
_aDescubrimientos arqueológicos _zSan Agustín (Huila, Colombia) _910806 |
| 942 |
_2ddc _cBK |
||
| 999 |
_c3450 _d3450 |
||